书目信息 |
| 题名: |
矿业工程
|
|
| 作者: | 郭文兵 主编 | |
| 分册: | ||
| 出版信息: | 郑州 河南科学技术出版社 2011.06 |
|
| 页数: | 318页 | |
| 开本: | 28cm | |
| 丛书名: | ||
| 单 册: | ||
| 中图分类: | TD | |
| 科图分类: | ||
| 主题词: | 矿业工程 , 矿业 | |
| 电子资源: | ||
| ISBN: | 7-5349-4841-X | |
| 000 | 00555nam0 2200205 450 | |
| 001 | 1760211439 | |
| 005 | 20170220164436.01 | |
| 010 | @a7-5349-4841-X@dCNY50.00 | |
| 100 | @a20170220d2011 km y0chiy0120 ea | |
| 101 | 0 | @achi |
| 102 | @aCN@b410000 | |
| 200 | 1 | @a矿业工程@Akuang ye gong cheng@f郭文兵主编@Fguo wen bing zhu bian |
| 210 | @a郑州@c河南科学技术出版社@d2011.06 | |
| 215 | @a318页@d28cm | |
| 606 | 0 | @a矿业工程 |
| 606 | 0 | @a矿业 |
| 690 | @aTD@v4 | |
| 701 | 0 | @a郭文兵@Aguo wen bing@4主编 |
| 801 | 0 | @aCN@bMUSE@c20170220 |
| 905 | @aMUSE@dTD@eG840 | |
| 矿业工程/郭文兵主编.-郑州:河南科学技术出版社,2011.06 |
| 318页;28cm |
| ISBN 7-5349-4841-X:CNY50.00 |
| ● |
| 相关链接 |
|
|
|
正题名:矿业工程
索取号:TD/G840
 
预约/预借
| 序号 | 登录号 | 条形码 | 馆藏地/架位号 | 状态 | 备注 |
| 1 | 446086 | 204460868 | 土木与交通工程学院资料室/ [索取号:TD/G840] | 在馆 |